| 000 | 00730 a2200253 4500 | ||
|---|---|---|---|
| 001 | 200131197 | ||
| 003 | TR-AnTOB | ||
| 005 | 20251224152233.0 | ||
| 008 | 140114b tu 000 0 | ||
| 020 | _a9789759388584 | ||
| 040 |
_aTR-AnTOB _cTR-AnTOB |
||
| 041 | _atur | ||
| 050 | 1 | 4 |
_aTL576 _b.K54 2008 |
| 090 |
_aTL576 _b .K54 2008 |
||
| 100 | 1 |
_aKılıç, Mustafa, _d1959- _995321 |
|
| 245 | 1 | 0 |
_aUçan Kanat THK-13 / _cMustafa Kılıç. |
| 264 | 1 |
_aAnkara : _bTürk Hava Kurumu, _c2008 |
|
| 300 |
_a176 s. : _bfotog. ; _c21 cm |
||
| 490 | 0 |
_aTürk Hava Kurumu kültür yayınları; _v9. |
|
| 610 | 2 | 0 |
_987870 _aTürk Hava Kurumu |
| 650 | 7 |
_aHavacılık _zTürkiye _xTarih _2etuturkob _987874 |
|
| 942 |
_cBK _2lcc |
||
| 999 |
_c200131197 _d16539 |
||